Lost Actors/Actresses by Season - Statistics

General Stats
  • This quiz has been taken 386 times
  • The average score is 14 of 28
Answer Stats
Answer % Correct
Matthew Fox
93%
Evangeline Lilly
90%
Terry O'Quinn
75%
Josh Holloway
74%
Jorge Garcia
70%
Dominic Monaghan
67%
Michael Emerson
66%
Naveen Andrews
66%
Emilie de Ravin
63%
Daniel Dae Kim
62%
Ian Somerhalder
59%
Maggie Grace
59%
Michelle Rodriguez
57%
Harold Perrineau
50%
Elizabeth Mitchell
49%
Henry Ian Cusick
49%
Yunjin Kim
49%
Malcolm David Kelley
38%
Cynthia Watros
33%
Jeremy Davies
33%
Ken Leung
33%
Nestor Carbonell
32%
Rebecca Mader
32%
Jeff Fahey
26%
Rodrigo Santoro
21%
Kiele Sanchez
19%
Zuleikha Robinson
16%
Adewale Akinnouye-Agbaje
3%
No matching quizzes found
Score Distribution
Percent of People with Each Score
Percentile by Number Answered
Your Score History
You have not taken this quiz